Integración de redes de voz y datos
Uloženo v:
| Hlavní autor: | |
|---|---|
| Médium: | Kniha |
| Jazyk: | španělština |
| Vydáno: |
Madrid
Pearson Educación
2001
|
| Témata: | |
| Tagy: |
Přidat tag
Žádné tagy, Buďte první, kdo vytvoří štítek k tomuto záznamu!
|
MARC
| LEADER | 00000nam a2200000 a 4500 | ||
|---|---|---|---|
| 001 | UCN8577 | ||
| 003 | CL-VaPUC | ||
| 008 | 011116e20010000SP |||||||||||||||||spa|d | ||
| 020 | |a 8420531871 | ||
| 082 | 0 | 4 | |a 004.62 |b KEA |2 21 |
| 100 | 0 | |a Keagy, Scott |e author |9 464878 | |
| 245 | 1 | 0 | |a Integración de redes de voz y datos |
| 300 | |a 741 p | ||
| 942 | |c BK | ||
| 945 | |d 20011116 00:00:00 |a cmena | ||
| 260 | |a Madrid |b Pearson Educación |c 2001 | ||
| 650 | 0 | |a Protocolos de redes |9 464559 | |
| 650 | 0 | |a Comunicaciones por voz |9 464879 | |
| 650 | 7 | |a TELEFONIA - COMUNICACION |2 CL-VaPUC |9 464880 | |
| 650 | 0 | |a Calidad de la voz |9 464881 | |
| 650 | 7 | |a REDES DE DATOS |2 CL-VaPUC |9 389775 | |
| 583 | |a last modification |c 20011116 00:00:00 |k Rodrigo Vera | ||
| 999 | |c 298413 |d 298411 | ||
| 952 | |0 0 |1 0 |4 0 |6 004_620000000000000_KEA_2001 |7 0 |8 A |9 353971 |a BIBING |b BIBING |d 2019-11-21 |i 3771903 |o 004.62 KEA 2001 |p 3771903 |r 2024-01-25 |w 2019-11-21 |y BK |k EIE | ||
| 952 | |0 0 |1 0 |4 0 |6 004_620000000000000_KEA_2001 |7 0 |8 A |9 353972 |a BIBING |b BIBING |d 2019-11-21 |i 3771911 |o 004.62 KEA 2001 |p 3771911 |r 2024-01-25 |w 2019-11-21 |y BK |k EIE | ||
| 952 | |0 0 |1 1 |2 ddc |4 0 |6 004_620000000000000_KEA_2001 |7 0 |8 A |9 353973 |a BIBING |b BIBING |d 2019-11-21 |i 4155173 |o 004.62 KEA 2001 |p 4155173 |r 2023-03-02 |w 2019-11-21 |y BK |k EIE | ||